IPD pan-european property index 2006 (Record no. 105494)

MARC details
000 -LEADER
fixed length control field 01632cam a2200385 4500
001 - CONTROL NUMBER
control field ##L133881
008 - FIXED-LENGTH DATA ELEMENTS--GENERAL INFORMATION
fixed length control field 060615n2006 000 0 eng u
035 ## - SYSTEM CONTROL NUMBER
System control number (Sirsi) u133881
041 0# - LANGUAGE CODE
Language code of text/sound track or separate title eng
050 04 - LIBRARY OF CONGRESS CALL NUMBER
Classification number 332.6324 $2 18
110 2# - MAIN ENTRY--CORPORATE NAME
Corporate name or jurisdiction name as entry element Investment Property Databank
9 (RLIN) 2288
245 00 - TITLE STATEMENT
Title IPD pan-european property index 2006
260 ## - PUBLICATION, DISTRIBUTION, ETC.
Place of publication, distribution, etc. London
Name of publisher, distributor, etc. IPD
Date of publication, distribution, etc. 2006
490 #0 - SERIES STATEMENT
Series statement IPD Pan-European Property Index
505 2# - FORMATTED CONTENTS NOTE
Formatted contents note Introduction -- All property returns in euros -- All property returns in pounds sterling -- All property returns in US dollars -- All property returns in local currencies -- Technical note
520 ## - SUMMARY, ETC.
Summary, etc. Measures the combined performance of real estate markets in thirteen countries, Denmark, Finland, Norway, Sweden, France, Germany, Netherlands, Portugal, Spain, Ireland, UK, Switzerland, and Italy. Lists the all IPD Europe figures for total return, income return, and capital growth, for each year from 2001 to 2005. Provides figures for all-property returns for each country from 2001. Tables.
590 ## - LOCAL NOTE (RLIN)
Local note IKA200606
650 24 - SUBJECT ADDED ENTRY--TOPICAL TERM
Topical term or geographic name entry element IPD PAN EUROPEAN PROPERTY INDEX
651 #4 - SUBJECT ADDED ENTRY--GEOGRAPHIC NAME
Geographic name DENMARK
651 #4 - SUBJECT ADDED ENTRY--GEOGRAPHIC NAME
Geographic name FINLAND
651 #4 - SUBJECT ADDED ENTRY--GEOGRAPHIC NAME
Geographic name NORWAY
651 #4 - SUBJECT ADDED ENTRY--GEOGRAPHIC NAME
Geographic name SWEDEN
651 #4 - SUBJECT ADDED ENTRY--GEOGRAPHIC NAME
Geographic name FRANCE
651 #4 - SUBJECT ADDED ENTRY--GEOGRAPHIC NAME
Geographic name GERMANY
651 #4 - SUBJECT ADDED ENTRY--GEOGRAPHIC NAME
Geographic name NETHERLANDS
651 #4 - SUBJECT ADDED ENTRY--GEOGRAPHIC NAME
Geographic name PORTUGAL
651 #4 - SUBJECT ADDED ENTRY--GEOGRAPHIC NAME
Geographic name SPAIN
651 #4 - SUBJECT ADDED ENTRY--GEOGRAPHIC NAME
Geographic name IRELAND
651 #4 - SUBJECT ADDED ENTRY--GEOGRAPHIC NAME
Geographic name United Kingdom
Chronological subdivision
651 #4 - SUBJECT ADDED ENTRY--GEOGRAPHIC NAME
Geographic name SWITZERLAND
651 #4 - SUBJECT ADDED ENTRY--GEOGRAPHIC NAME
Geographic name ITALY
690 ## - LOCAL SUBJECT ADDED ENTRY--TOPICAL TERM (OCLC, RLIN)
Topical term or geographic name as entry element PROPERTY-PROPERTY FINANCE AND INVESTMENT-PROPERTY INVESTMENT PERFORMANCE MEASUREMENT
856 40 - ELECTRONIC LOCATION AND ACCESS
Uniform Resource Identifier <a href="https://www.ipdindex.co.uk/">https://www.ipdindex.co.uk/</a>
Public note View the item free of charge at www.ipdindex.co.uk...
942 ## - ADDED ENTRY ELEMENTS (KOHA)
Suppress in OPAC 0
Holdings
Withdrawn status Lost status Source of classification or shelving scheme Damaged status Not for loan Home library Current library Shelving location Date acquired Total Checkouts Full call number Barcode Date last seen Copy number Price effective from Koha item type
    Dewey Decimal Classification     Virtual Virtual Online 15/06/2006   ONLINE PUBLICATION 133881-1001 06/08/2019 1 06/08/2019 Book